Romeo and Juliet Quiz Stats

 Plays Quiz not verified by Sporcle

Challenge
Share
Tweet
Embed
Score 0/10 Timer 04:00
0 Plays Today
% Correct
Lady Capulet
92.1%
Nurse
42.9%
Paris
32.1%
Friar Lawrence
27.1%
Friar John
22.9%
Balthasar
18.6%
Dinner Party
4.3%
Forever
4.3%
Funeral
3.6%
Iambic Pentameter
2.9%

You're not logged in!

Compare scores with friends on all Sporcle quizzes.
Join for Free
OR
Log In

You Might Also Like...

Show Comments

Extras

Created Nov 18, 2009ReportNominate
Tags:juliet, romeo

Top Quizzes Today


Score Distribution

Your Account Isn't Verified!

In order to create a playlist on Sporcle, you need to verify the email address you used during registration. Go to your Sporcle Settings to finish the process.

Report this User

Report this user for behavior that violates our Community Guidelines.

Details: